Kuwait Airways fleet - Statistics

General Stats
  • This quiz has been taken 12 times
  • The average score is 7 of 9
Answer Stats
Hint Answer % Correct
Airbus A320neo
100%
Airbus A321neo
90%
Airbus A330-200
90%
Airbus A350-900
80%
Boeing 777-300ER
70%
Airbus A330-800neo
70%
Airbus A330-900neo
70%
Airbus (order) A321LR
50%
Airbus A320ceo
40%
No matching quizzes found
Score Distribution
Percent of People with Each Score
Percentile by Number Answered
Your Score History
You have not taken this quiz